Communes de la Manche (50) de plus de 10000 habitants - Statistiques

Statistiques générales
  • Ce quiz a été pris 66 fois
  • Le résultat moyen est 4 sur 6
Statistiques - réponses
Habitants Commune % Correct
19352 (préfecture) Saint-Lô
100%
10225 Avranches
91%
78028 Cherbourg-en-Cotentin
89%
12799 Granville
80%
11444 La Hague
43%
10220 Carentan-les-Marais
36%
Aucun quiz correspondant
Distribution des résultats
% des personnes avec chaque résultat
Percentile par nombre de réponses
Votre historique - résultats
Vous n’avez pas pris ce quiz